000 00341nam a2200145Ia 4500
008 191201s2001 xx 000 0 und d
082 _a658.049
_bMAI
100 _aTRIGG, Mahoney
245 0 _aInternational Business: A Managerial Perspective
250 _a2nd
260 _bPHI
_c2001
300 _a897
650 _aMBA
942 _2ddc
_cBK
999 _c4211
_d4211